[Event "Passau op 6th"]
[Site "Passau"]
[Date "1998.04.10"]
[Round "2"]
[White "Pop, Laurentius Onyx"]
[Black "Henning, Bernd"]
[Result "1/2-1/2"]
[WhiteElo "1650"]
[BlackElo "1903"]
[PlyCount "47"]
[EventDate "1998.04.10"]
[EventType "swiss"]
[EventRounds "7"]
[EventCountry "GER"]
[SourceTitle "EXT 1999"]
[Source "ChessBase"]
[SourceDate "1998.11.16"]
[SourceVersion "1"]
[SourceVersionDate "1998.11.16"]
[SourceQuality "1"]

1. c4 Nf6 2. Nc3 g6 3. Nf3 Bg7 4. g3 d6 5. Bg2 c6 6. 0-0 0-0 7. e4 e5 8. h3 Qe7 9. d4 h6 10. d5 c5 11. a3 Ne8 12. b4 b6 13. Kh2 f5 14. Rb1 Nf6 15. Nd2 Nbd7 16. Nb3 Nh7 17. bxc5 Nxc5 18. Nxc5 bxc5 19. Qa4 f4 20. f3 fxg3+ 21. Kxg3 Nf6 22. Qc6 Nh5+ 23. Kh2 Qh4 24. Ne2 1/2-1/2